000 00692nam a22002057a 4500
003 0
005 20251028150057.0
008 251028b xxu||||| |||| 00| 0 eng d
020 _a979-8-89161-456-7
050 _aTX 911.3.M27
_b.N45 2025
100 _aNelson, Victor,
_eauthor.
245 _aAdvanced convention and events management /
_cVictor Nelson.
260 _aJersey City, USA :
_bAlexis Press,
_c2025.
300 _ax, 310 pages :
_bcolored illustrations ;
_c27 cm.
504 _aIncludes bibliographical references and index.
650 _aEvent management.
650 _aCongresses and conventions
_xManagement.
650 _aHospitality industry
_xManagement.
942 _2lcc
_cBK
999 _c368389
_d368389